Statistics for Spiderman characters identities

Click here to take the quiz!

General Stats

  • This quiz has been taken 1,010 times
  • The average score is 7 of 15

Answer Stats

HintAnswer% Correct
SpidermanPeter Parker
100%
the 2nd Green GoblinHarry Osborn
83%
the 1st VenomEddie Brock
81%
Anti-VenomEddie Brock
81%
the 1st Green GoblinNorman Osborn
78%
Doctor OctopusDr. Otto Octavius
61%
Black CatFelicia Hardy
52%
the current VenomFlash Thompson
37%
MysterioQuentin Beck
36%
the 3rd VenomMac Gargan
30%
ScorpionMac Gargan
30%
CarnageCletus Kasady
19%
ShockerHerman Schultz
17%
the 1st HobgoblinRoderick Kingsley
8%
the 2nd VenomAngelo Fortuno
3%

Score Distribution

Percentile by Number Answered

Percent of People with Each Score

Your Score History

You have not taken this quiz